000 00332 a2200121 4500
000 nam a22 7a 4500
005 20250924110737.0
020 _a978-1-3503-4488-4
100 _aSchreel, Louis
_9846405
245 _aDeleuze and the immanent sublime: idea and individuation
260 _bBloomsbury Academic
_c2024
942 _cTB
999 _c1463953
_d1463953